000 00530nam a22001937a 4500
003 NUST - PNEC
005 20170116180811.0
008 150504b xxu||||| |||| 00| 0 eng d
020 _a0415109639
040 _cLIBRARY
082 _a363.7056 CHA
100 _93382
_a Chatterjee, Pratap
245 _aThe Earth Brokers
_cPratap Chatterjee
250 _a-
260 _aUSA:
_bNew York,
_cc 1994.
300 _a191 p . :
650 _93384
_aThe Earth Brokers:
_xEnvironmental degradation--Government policy
942 _2ddc
_cBK
999 _c63378
_d63378